ORGANIC CHEMISTRY ( 2nd edition ) (Record no. 8072)

MARC details
000 -LEADER
fixed length control field 00469nam a22001817a 4500
005 - DATE AND TIME OF LATEST TRANSACTION
control field 20230110113651.0
008 - FIXED-LENGTH DATA ELEMENTS--GENERAL INFORMATION
fixed length control field 221216b |||||||| |||| 00| 0 eng d
020 ## - INTERNATIONAL STANDARD BOOK NUMBER
ISBN 0-19-872871-9
041 ## - LANGUAGE CODE
Language code of text/sound track or separate title eng
082 ## - DEWEY DECIMAL CLASSIFICATION NUMBER
Classification number 547-CLA-O
100 ## - MAIN ENTRY--AUTHOR NAME
Personal name CLAYDEN , JONATHAN ., GREEVES, NICK AND WARREN ,STUART
245 ## - TITLE STATEMENT
Title ORGANIC CHEMISTRY ( 2nd edition )
250 ## - EDITION STATEMENT
Edition statement 2nd ed.
260 ## - PUBLICATION, DISTRIBUTION, ETC. (IMPRINT)
Year of publication 2021
300 ## - PHYSICAL DESCRIPTION
Number of Pages 1234;P.
650 ## - SUBJECT ADDED ENTRY--TOPICAL TERM
Topical Term PHARMACY
General subdivision D.PHARMA
942 ## - ADDED ENTRY ELEMENTS (KOHA)
Koha item type Books
Holdings
Lost status Damaged status Collection code Home library Current library Shelving location Date acquired Source of acquisition Cost, normal purchase price Full call number Accession Number Koha item type
    PHARMACY JRU Library JRU Library SHELF-17-A 19/10/2022 LOHIA BOOK INTERNATIONAL 2450.00 547-CLA-O 26954 Books
    PHARMACY JRU Library JRU Library SHELF-17-A 19/10/2022 LOHIA BOOK INTERNATIONAL 2450.00 547-CLA-O 26955 Books